El sujeto ambientalista comunitario /

Guardat en:
Dades bibliogràfiques
Autor principal: Mejía Guerra, Juan Antonio
Format: Text
Matèries:
Etiquetes: Afegir etiqueta
Sense etiquetes, Sigues el primer a etiquetar aquest registre!

MARC

LEADER 00000 a a2200000 04500
001 7206
003
040
100 |a Mejía Guerra, Juan Antonio  
245 |a El sujeto ambientalista comunitario /  |c Juan Antonio Mejía Guerra 
650 |a PROTECCION AMBIENTAL  
650 |a LUCHA CONTRA LA CONTAMINACION  
650 |a CIUDADANIA  
650 |a HONDURAS  
773 |g volumen 4, número 13; páginas17-19  
999 |c 23224  |d 23224